Quizzes
Events
Quiz Creation
Community
Videos
Private Events
Remove Ads
Sign In
Join for FREE
Feedback
Dark Mode
Quiz Categories
Sports
Geography
Music
Movies
Television
Just For Fun
Miscellaneous
History
Literature
Language
Science
Gaming
Entertainment
Religion
Holiday
For Kids
Quiz Lab
Recent
Popular Today
Quiz Kudos Today
Editor Picks
Curator Picks
Quizzes by...
Day
Popularity
Type
Ratings
Length
Year
Community
Subscriptions
Recent Discussions
Orange Saloon
Badges
Playlists
Quests
Create
Leaderboards
Showdown
Live 5
Trivia Bingo
Activity
Puzzle Library
Sporcle Events
Private Events
Virtual Trivia
Globe League
Become a Host
Pub Owners
SporcleCon
Opinionation
Our Games
Videos
Blog
Mobile Apps
Partnerships
Remove Ads and Go Orange
Feedback
Sports
Athletes
MLB
NBA
NHL
NFL
Soccer
Sports Teams
WWE
NCAA
Football
Premier League
Basketball
Baseball
Hockey
Golf
Tennis
Cricket
Rugby
Auto Racing
Olympics
World Cup
Sports
Athletes
MLB
NBA
NHL
NFL
Soccer
Sports Teams
WWE
NCAA
Football
Premier League
Basketball
Baseball
Hockey
Golf
Tennis
Cricket
Rugby
Auto Racing
Olympics
World Cup
Random Quiz
Search Sporcle
×
Quiz Lab
Quiz Lab
Sports
College
Type in answers that appear in a list
Type in answers that appear in a list
Classic
Best Score? Go Orange.
College Basketball Hall of Fame Stats
Can you name the players in the College Basketball Hall of Fame?
By
jcapurro
15m
106 Questions
285 Plays
285 Plays
285 Plays
Comments
Comments
Give Quiz Kudos
Give Quiz Kudos
-
- Ratings
hide this ad
Replay
Link that replays current quiz
Next Quiz
Link to next quiz in quiz playlist
You Got
0%
They Got
Avg Score
28%
Avg Friend Score
Upgrade to see
Score Distribution
Jump to the score distribution portion of the page
Score
0/106
Timer
15:00
0
Plays Today
School
Player
% Correct
UCLA
Kareem Abdul-Jabbar
79.6%
Kansas
William Johnson
78.6%
UCLA
Bill Walton
76.1%
San Francisco
Bill Russell
73.3%
Kansas
Wilt Chamberlain
71.9%
Indiana State
Larry Bird
70.9%
Michigan State
Magic Johnson
69.8%
Indiana
Isiah Thomas
65.3%
Holy Cross
Bob Cousy
64.9%
LSU
Pete Maravich
64.6%
Cincinnati
Oscar Robertson
64.2%
West Virginia
Jerry West
61.4%
Seattle University
Elgin Baylor
60.4%
Auburn
Charles Barkley
59.3%
North Carolina
James Worthy
59.3%
San Francisco
K.C. Jones
57.2%
North Carolina Central
Sam Jones
57.2%
Ohio State
Jerry Lucas
56.8%
Princeton
Bill Bradley
54%
Houston
Elvin Hayes
54%
Houston
Clyde Drexler
52.3%
North Carolina State
David Thompson
50.5%
Montana State
John Thompson
50.5%
DePaul
George Mikan
48.4%
Massachusetts
Julius Erving
47%
Ohio State
John Havlicek
47%
Kansas
Danny Manning
45.3%
Minnesota
Kevin McHale
41.1%
Notre Dame
Austin Carr
40%
Miami
Rick Barry
39.3%
Syracuse
David Bing
39.3%
Southern Illinois
Walt Frazier
37.9%
St. Bonaventure
Bob Lanier
37.2%
Georgia
Dominique Wilkins
37.2%
LSU
Bob Pettit
36.5%
UCLA
John Wooden
35.4%
School
Player
% Correct
Centenary
Robert Parish
35.1%
UCLA
Gail Goodrich
33.7%
Grambling State
Willis Reed
33.3%
Louisville
Wes Unseld
33.3%
University of Texas at El Paso
Nate Archibald
33%
La Salle
Tom Gola
31.9%
Winston-
Salem State
Earl Monroe
31.6%
Niagara University
Calvin Murphy
30.9%
Purdue
Charles Murphy
30.5%
Villanova
Paul Arizin
29.8%
McNeese State
Joe Dumars
29.5%
Long Beach State/
Eastern Michigan
George Gervin
29.1%
Florida State
David Cowens
27.4%
New York
Adolph Schayes
26.3%
North Carolina
Billy Cunningham
26%
Providence
Lenny Wilkens
26%
University of Detroit
David DeBusschere
25.6%
Oklahoma
Wayman Tisdale
25.6%
Kentucky
Dan Issel
25.3%
Bowling Green State
Nate Thurmond
24.2%
South Carolina
Alex English
23.9%
Holy Cross
Tom Heinsohn
23.2%
North Carolina
Bob McAdoo
21.8%
USC
Bill Sharman
20.7%
Indiana
Walter Bellamy
20%
Texas
Slater Martin
20%
Kansas
Clyde Lovellette
19.6%
Marshall
Harold Greer
19.3%
Oklahoma A&M
Bob Kurland
19.3%
Cincinnati
Jack Twyman
13.7%
Ohio State
Neil Johnston
12.6%
St. John's
Dick McGuire
12.3%
Kentucky
Cliff Hagan
11.9%
Mississippi State
Bailey Howell
11.9%
Kentucky
Frank Ramsey
11.6%
Saint Francis
Maurice Stokes
10.9%
School
Player
% Correct
Kentucky State
Travis Grant
10.2%
Stanford
George Yardley
9.5%
Stanford
Angelo Luisetti
9.1%
Murray State
Joseph Fulks
8.8%
St. Louis
Ed Macauley
8.1%
Hamline
Vern Mikkelsen
7.7%
Northeast Missouri State
Harry Gallatin
6%
Utah
Arnie Ferrin
5.6%
Duke
Dick Groat
5.3%
Tennessee State
Dick Barnett
5.3%
Stanford
Jim Pollard
4.9%
Langston University
Marques Haynes
4.6%
Indiana
Branch McCracken
4.6%
Northwest Missouri State
Jack McCracken
4.6%
Seton Hall
Bob Davies
4.2%
Illinois
Andy Phillip
4.2%
Washington
Bob Houbregs
3.5%
Ohio State
Arnie Risen
3.5%
Seton Hall
Robert Wanzer
2.8%
BYU
Kresimir Cosic
2.5%
Pittsburgh
Chuck Hyatt
2.5%
University of Wisconsin-
Madison
Harold Foster
1.8%
City College of New York
Barney Sedran
1.8%
Franklin College
Fuzzy Vandivier
1.8%
Kansas
Paul Endacott
1.4%
Syracuse
Vic Hanson
1.4%
Washington/
Jefferson College
Buddy Jeannette
1.4%
Chicago
Harlan Page
1.4%
Army
John Roosma
1.4%
Kansas State Teachers College
Ernest Schmidt
1.4%
University of Wisconsin-
Madison
Christian Steinmetz
1.4%
Notre Dame
Moose Krause
1.1%
Chicago
John Schommer
1.1%
Westminster College
Forrest DeBernardi
0.7%
Quiz Playlist
Details
Report
Send in Message
Add To Playlist
Classic:
Type in answers that appear in a list
Quiz Source
Last Updated: Feb 16, 2017
Quiz Scoreboard
CHALLENGE
Sign Up to Join the Scoreboard
Show All
Scores
Hide
Comments
May contain spoilers
Recently Published
Alphabetical 'K' Countries by Flag Minefield
by ylime102
Geography
3m
Pick 6: Fruits
by JohnFran
Miscellaneous
15s
Click the 1999 NBA Draft
by nibperrychub
Sports
2m
More to Explore
Quiz From the Vault
Featured Blog Post
15 Basketball Trivia Facts You Can Be March Mad About
hide this ad
You Might Also Like...
Tags
Basketball Quiz
College Quiz
fame
hall
Inducted
NCAA Basketball
Player
school
Today's Top Quizzes in Sports
Browse Sports
hide this ad
Today's Top Quizzes in College
Browse College
Top Contributed Quizzes in Sports
1
Don't Strike Out: 3000 Strikeouts
2
MLB 2 truths and a lie: Hall of Fame pitchers
3
Pick 6: NFL Teams
4
Criteria MLB: Left Handed Sluggers
5
MLB Players with Two .350 Batting Average Seasons
6
2022 World Cup Stars
7
Les joueurs à 100 buts en Ligue 1 Uber Eats
8
Millionaire: NBA Finals Edition
9
Pick 6: Minor League Baseball
10
Last 10 Members of the 500 HR Club in Order
Explore More
Trending Topics
Marvel
Harry Potter
NBA
Kpop
Disney
Crossword
Anime
Song
WWE
Pokémon
Puzzle
NFL
Country
Soccer
The Office
hide this ad
More By:
jcapurro
Quiz
Plays
Rating
Category
Featured
Created
College Basketball Hall of Fame
285
5.00
Sports
Nov 23, 2009
Go to Creator's Profile
Score Distribution
Quiz Creator Spotlight
jcapurro
Follow
Send a Message
Quizzes Created
-
Created Quiz Play Count
-
More By This Creator
Popular Quizzes Today
1
Find the US States - No Outlines Minefield
2
Countries of Asia Without Outlines Minefield
3
Pick 6: Fruits
4
The Countries of the World
5
Alphabetical 'K' Countries by Flag Minefield
6
Find the US States
7
Click the 1999 NBA Draft
8
Match the Book to the Film X
More Sports Quizzes
10 States: 2023 NCAA Basketball Teams
Curator's Pick
Trending Quizzes
Pick 6: Harry Potter
Pick 6: Mountains
Pick 6: NFL Teams
Pick 6: Movie Franchises
Pick 6: Golfers
Recently Updated
Women's Final Four Teams by Year
bhenderson79
Presidents Quartet II
eogle
Anything But Clue(do)
eogle
Anything But Oceanian Capitals
eogle
Anything But 7
eogle
Anything But Thing
eogle
Word Ladder: February 29
pecheneg
Song Title Questions
pecheneg
Women's NCAA Tournament #1 Seeds
pecheneg
Celebrity Mug Shots
pecheneg
Trending Topics
Crossword
NBA
Kpop
Anime
Harry Potter
Disney
Marvel
Country
Pokémon
The Office
Puzzle
Song
WWE
NFL
Soccer
Your Account Isn't Verified!
In order to create a playlist on Sporcle, you need to verify the email address you used during registration. Go to your
Sporcle Settings
to finish the process.
Report this User
Report this user for behavior that violates our
Community Guidelines
.
Details:
Send Report
Go to the Sporcle.com Mobile Site →
Comments